000 01073cam a2200313 i 4500
999 _c9595
_d9595
001 903675657
003 OCoLC
005 20241126110715.0
008 150421s2015 miu b 000 0 eng
010 _a2015015861
020 _a9780801018350 (pbk.)
020 _a0801018358 (pbk.)
035 _a(OCoLC)903675657
040 _aDLC
_beng
_erda
_cDLC
_dYDX
_dYDXCP
_dBTCTA
_dBDX
_dOCLCF
_dXBE
_dLNT
_dATH
042 _apcc
050 0 0 _aBV4011.3
_b.H45 2015
082 _a253
_bHEL
100 1 _aHelopoulos, Jason.
_916666
245 1 4 _aThe new pastor's handbook :
_bhelp and encouragement for the first years of ministry /
_cJason Helopoulos.
264 1 _aGrand Rapids :
_bBaker Books,
_c2015.
300 _a208 pages ;
_c21 cm
336 _atext
_btxt
_2rdacontent
337 _aunmediated
_bn
_2rdamedia
338 _avolume
_bnc
_2rdacarrier
504 _aIncludes bibliographical references.
505 0 _aThe beginning -- Starting out strong -- Encouragements -- Pitfalls of young pastors -- Joys of ministry.
650 0 _aPastoral theology.
_9414
942 _2ddc
_cBK